000 00797cam a22002532 4500
001 9515
003 BD-RjUL
005 20211208234806.0
008 140121r19611960njua b 001 0 eng
035 _a(BD-RjUL)9560
040 _aDLC
_cWSU
_dOCL
_dUKM
_dEQO
_dBD-RjUL
_beng
041 _aeng
082 0 0 _a540
_216
_bTAF 1961
100 1 _aTaylor, Moddie D.
_q(Moddie Daniel),
_d1912-
_929481
245 1 0 _aFirst principles of chemistry /
_cIllus. by Wilma Riley.
260 _aPrinceton, N.J. :
_bVan Nostrand,
_c1960 [reprinted 1961].
300 _a688 p. :
_billus. ;
_c24 cm.
504 _aIncludes bibliographical reference and index.
650 0 _aChemistry.
_929482
650 0 _aChemistry, Physical and theoretical.
_929483
942 _2ddc
_cBK
999 _c9515
_d9515